000 00629nam a2200205Ia 4500
005 20250508154049.0
008 008 250505s9999 xx 000 0 eng d
037 _aTextual
040 _aFEDL
_beng
_cFEDL
041 _aeng
_2eng
084 _a016.1367324, GOT
_qFEDL
100 _aGottlieb David
245 0 _aAdolescent behavior in urban areas: A bibliographic review and discussion of the literature
260 _aLondon, UK
_bThe Free Press
_c1963
300 _a244p.
650 _aBibliography
700 _a Reeves Jon
_9764970
942 _cTEXL
_h016.1367324, GOT
999 _c1347393
_d1347393